| 000 | 00764nam a2200229 a 4500 | ||
|---|---|---|---|
| 001 | 48807 | ||
| 003 | BD-RjUL | ||
| 005 | 20211209054605.0 | ||
| 008 | 160816s1975 bg 000 p ben d | ||
| 020 | _c : Tk. 3.00 | ||
| 035 | _a(BD-RjUL)48926 | ||
| 040 |
_aBD-RjUL _cBD-RjUL _dBD-RjUL _bben |
||
| 041 | _aben | ||
| 082 | 0 | 4 |
_223 _a891.441 _bROP 1975 |
| 100 | 1 | 0 |
_aরশিদ, আ, ফ, ম, আবদুর _9147160 |
| 245 | 1 | 0 |
_aপঞ্চমুখী / _cআ, ফ, ম, আবদুর রশিদ |
| 260 |
_aঢাকা : _bপলাশ পাবলিকেশন্স, _c১৯৭৫ |
||
| 300 |
_a৫৬ পৃ. ; _c২১ সেমি. |
||
| 650 | 0 |
_aবাংলা কবিতা _99451 |
|
| 650 | 0 |
_aBengali Poetry _9117526 |
|
| 942 |
_2ddc _cBK |
||
| 999 |
_c48807 _d48807 |
||